Zwitserland Trivia Quiz - Statistieken

Algemene statistieken
  • Deze quiz is 1.385 keer genomen
  • De gemiddelde score is 12 van 24
Antwoordstatistieken
Hint Antwoord % Correct
Officiële talen Duits
99%
Officiële talen Frans
98%
Hoofdstad Bern
97%
Officiële talen Italiaans
90%
Meest bevolkte stad Zürich
77%
Zangvorm uit de Alpen Jodelen
73%
Grootste meer Meer van Genève
69%
Grootste horlogebedrijven Rolex
67%
Valuta Franc
62%
Stereotype klok met een vogel erin Koekoeksklok
60%
Bekendste tennisspeler Roger Federer
59%
Langste rivier Rijn
52%
Bekende berg dichtbij Zermatt Matterhorn
47%
Zwitserland is onderverdeeld in 26 hiervan Kantons
45%
Officiële talen Romaans
37%
Legendarisch figuur die op een appel bovenop het hoofd van zijn zoon schoot Willem Tell
37%
Grootste voedselfabrikant Nestlé
30%
Olympisch hoofdkwartier Lausanne
27%
Olympische gaststad St. Moritz
13%
Filosoof die de Franse revolutie heeft beïnvloed Jean-Jacques Rousseau
12%
Grootste horlogebedrijven Omega
12%
Grootste banken Credit Suisse
11%
Fictieve vrouw die Zwitserland verpersoonlijkt Helvetia
10%
Grootste banken UBS
10%
Geen overeenkomende quizzen gevonden
Scoreverdeling
Procent van Mensen met Elke Score
Percentiel versus Aantal Correcte Antwoorden
Uw Scoregeschiedenis
U heeft deze quiz nog niet genomen